000 00691nam a2200217 a 4500
001 1196
003 CDMR
005 20151019134801.0
008 130130s1976||||||||||||||||||||||||||||d
020 _a8473800028
040 _aCDMR
_bcat
_cCDMR
100 1 _aArmero, José Mario
_9940
245 1 0 _aEspaña fue noticia
_b: corresponsales extranjeros en la Guerra Civil Española
_cJosé-Mario Armero
260 _a[Madrid
_c1976
_bSedmay
300 _a435 p ;
_c22 cm
650 0 4 _92802
_aCorresponsals estrangers
650 0 4 _94235
_aGuerra
_xCobertura periodística
650 0 4 _94304
_aPeriodistes
_xDirectoris
650 0 4 _93196
_aEspanya
_xHistòria
_y1936-1939, Guerra Civil
942 _cMON
_2ddc
999 _c1196
_d1196